02088nab a2200253 i 4500003000900000005001700009008004100026040001800067072000800085100004500093100003000138245004600168500006600214520118300280650002201463650002501485650001101510650001301521650001901534773017601553856007801729942000801807999001901815BR-BrBNA20251010192744.0251010b2022 bl.ar|pooa||| 00| 0 eng | aBR-BrBNAbeng aF70 aPellegrini, Marco Octávio de Oliveira  aGuarnier, Julia Cristina  aFlora of Espírito Santo: Pontederiaceae aPublicação on-line; 22 ref.; 1 illus.; Summaries (En, Pt) a Abstract Pontederiaceae is a small family of Monocots, composed of two genera (i.e., Heteranthera and Pontederia) and ca. 40 species. Two genera and 27 species are accepted for Brazil. In the state of Espírito Santo, Heteranthera is represented by two species and Pontederia by four species. Its species are exclusively found growing in aquatic or paludal, perennial or seasonal environments. We present descriptions, comments, and illustrations for the species. Key words: aquatic plants, Atlantic Forest, Brazil, Commelinales, pickerelweeds. Resumo Pontederiaceae é uma pequena família de Monocotiledôneas, composta por dois gêneros (i.e., Heteranthera e Pontederia) e ca. 40 espécies. No Brasil são registrados dois gêneros e 27 espécies. No estado do Espírito Santo, Heteranthera é representado por duas espécies e Pontederia por quatro espécies. As especies são encontradas exclusivamente associadas a ambientes aquáticos e palustres, perenes ou sazonais. Nós apresentamos descrições, comentários e ilustrações para as espécies. Palavras-chave: plantas aquáticas, Floresta Atlântica, Brasil, Commelinales, aguapé. aPLANTA AQUÁTICA aFLORESTA ATLÂNTICA aBRASIL aBARONESA aPONTEDERIACEAE0 07099357916dRio de Janeiro-RJ Jardim Botanico do Rio de Janeiro 1935o2025-5881tRodriguésia (Brazil)x0370-6583; 2175-7860 on-linegv. 73 p. 1-11; (2022)wBR2025004393 uhttps://www.scielo.br/j/rod/a/xBDBfnrBKHB9fR8qCRQgDkF/?format=pdf&lang=en cANA c338642d338642